000
00308nam a2200133Ia 4500
100
_a
Behforooz/Ali/ Hudson/F.J
942
_c
BK
654
_a
software
245
_a
Software Engineering Fundamentals
260
_b
Oxford university press
_c
2003
082
_a
5.1
_b
BEH
300
_a
661
546
_a
ENGLISH
999
_c
18973
_d
18973